<?xml version="1.0" encoding="UTF-8"?>
<collection xmlns="http://www.loc.gov/MARC21/slim">
 <record>
  <leader>02182nam a2200253 a 4500</leader>
  <controlfield tag="001">TVCDKTCT6471</controlfield>
  <controlfield tag="003">Thư viện trường Cao đẳng Kỹ thuật Cao Thắng</controlfield>
  <controlfield tag="005">20170529091457.7</controlfield>
  <controlfield tag="008">070313</controlfield>
  <datafield tag="980" ind1="\" ind2="\">
   <subfield code="a">Thư viện Trường CĐ Kỹ Thuật Cao Thắng</subfield>
  </datafield>
  <datafield tag="024" ind1=" " ind2=" ">
   <subfield code="a">RG_1 #1 eb0 i1 i5</subfield>
  </datafield>
  <datafield tag="041" ind1="0" ind2="#">
   <subfield code="a">vie</subfield>
  </datafield>
  <datafield tag="082" ind1="#" ind2="#">
   <subfield code="a">530.1 / </subfield>
   <subfield code="b">C460N-n</subfield>
  </datafield>
  <datafield tag="100" ind1="1" ind2="#">
   <subfield code="a">Ngô Quang Huy</subfield>
  </datafield>
  <datafield tag="245" ind1="0" ind2="0">
   <subfield code="a">Cơ sở vật lý hạt nhân / </subfield>
   <subfield code="c">Ngô Quang Huy</subfield>
  </datafield>
  <datafield tag="250" ind1="#" ind2="#">
   <subfield code="a">In lần thứ 1</subfield>
  </datafield>
  <datafield tag="260" ind1="#" ind2="#">
   <subfield code="a">H. : </subfield>
   <subfield code="b">Khoa học và Kỹ thuật , </subfield>
   <subfield code="c">2006</subfield>
  </datafield>
  <datafield tag="300" ind1="#" ind2="#">
   <subfield code="a">398tr. ; </subfield>
   <subfield code="c">24cm</subfield>
  </datafield>
  <datafield tag="520" ind1="#" ind2="#">
   <subfield code="a">Quyển sách gồm có 7 chương, chương 1 nêu tóm tắt về vật lý nguyên tử và các đặc trưng, tính chất cơ bản của hạt nhân. Chương 2 dành cho các mẫu hạt nhân, gồm mẫu giọt chất lỏng, mẫu vỏ và mẫu suy rộng. Phản ứng hạt nhân được trình bày trong chương 3, trong đó có các cơ chế phản ứng hợp phần và phản ứng trực tiếp, và hai loại phản ứng đặc thù là phản ứng phân hạch và phản ứng tổng nhiệt hạch. Chương 4 mô tả quá trình phân rã alpha, beta, và dịch chuyển gamma. Trong chương 5 trình bày các quá trình truyền các bức xạ alpha, beta, gamma và nguồn neutron qua vật chất. Chương 6 dành cho các nguồn bức xạ gồm các nguồn phóng xạ tự nhiên và nhân tạo, các thiết bị bức xạ như lò phản ứng hạt nhân và máy gia tốc hạt tích điện. Cuối cùng trong chương 7 trình bày các phương pháp ghi đo bức xạ, gồm các detector bức xạ, các hệ đo đạc bức xạ và các phương pháp xử lý số liệu thực nghiệm</subfield>
  </datafield>
  <datafield tag="650" ind1="#" ind2="4">
   <subfield code="a">Vật lý hạt nhân</subfield>
  </datafield>
  <datafield tag="721" ind1="#" ind2="#">
   <subfield code="a">CNKT Cơ điện tử</subfield>
  </datafield>
  <datafield tag="721" ind1="#" ind2="#">
   <subfield code="a">CNKT Cơ khí</subfield>
  </datafield>
  <datafield tag="841" ind1="#" ind2="#">
   <subfield code="b">Kho Sách </subfield>
   <subfield code="j">100020308, 100020318</subfield>
  </datafield>
  <datafield tag="841" ind1="#" ind2="#">
   <subfield code="b">Kho Tra Cứu </subfield>
   <subfield code="j">500002651, 500002659</subfield>
  </datafield>
 </record>
</collection>
